000 00460nam a2200193Ia 4500
005 20250425162703.0
008 250425s9999 xx 000 0 und d
041 _aeng
043 _ait
082 _a597.016
245 0 _aPROCEEDING OF THE WORLD SYMPOSIUM ON WARM WATER POND FISH CULTURE
250 _aS.E
260 _aItalia
_bFAO
_c1966
260 _aROMA
300 _a411
650 _aPECES-CRIA Y DESARROLLO
942 _c01
010 _a96759
999 _c234347
_d234347